00419nam a2200157Ia 4500003000400000008004100004040001600045082001300061100002100074245005300095260004200148300001000190490002400200650001500224650002200239GCL140319s9999 xx 000 0 eng d aGCL / cGCL04a843bG V1 aGEORGES, DUHAMEL10aLE VOYAGE DE PATRICE PERIOT / cGEORGES, DUHAMEL a[S.N] : bMERCURE DE FRANCE ، c1983 a311 P aCOLLECTION FOLIOv004aLITERATURE04aFRENCH LITERATURE